Electricity distribution network design

Spremljeno u:
Bibliografski detalji
Glavni autori: Lakervi, E (Autor), Holmes, E. J (Autor)
Format: Knjiga
Jezik:engleski
Izdano: Londres Peter Peregrinus 1995
Izdanje:2a. ed
Serija:IEE Power Engineering Series, 21
Teme:
Oznake: Dodaj oznaku
Bez oznaka, Budi prvi tko označuje ovaj zapis!

MARC

LEADER 00000nam a2200000 a 4500
001 UCU8029
003 CL-VaPUC
008 960712e19950000UK |||||||||||||||||eng|d
082 0 4 |a 621.31  |b LAK  |2 21 
100 0 |a Lakervi, E  |e author  |9 367236 
700 0 |a Holmes, E. J  |e author  |9 367237 
245 1 0 |a Electricity distribution network design 
250 |a 2a. ed 
300 |a 325 p 
942 |c BK 
945 |d 19960712 00:00:00  |a rbrito 
260 |a Londres  |b Peter Peregrinus  |c 1995 
650 0 |a Electricidad  |9 260222 
650 0 |a Distribución de energía eléctrica   |9 260221 
650 7 |a TRANSPORTE DE ENERGIA ELECTRICA  |2 CL-VaPUC  |9 359786 
650 0 |a Generación de energía eléctrica  |9 345677 
650 0 |a Energía eléctrica  |9 256678 
650 0 |a Corrientes eléctricas   |9 354960 
583 |a last modification  |c 19960712 00:00:00  |k Rodrigo Vera 
490 0 |a IEE Power Engineering Series, 21 
999 |c 250565  |d 250563